Kriminalistické skúmanie papierov bakalárska práca
Uložené v:
| Hlavný autor: | |
|---|---|
| Médium: | Kniha |
| Jazyk: | Slovak |
| Vydavateľské údaje: |
Bratislava
STU FCHPT
2013
|
| On-line prístup: | View in OPAC |
| Tagy: |
Žiadne tagy, Buďte prvý, kto otaguje tento záznam!
|
MARC
| LEADER | 00000nam a2200000 a 4500 | ||
|---|---|---|---|
| 005 | 20260127134314.0 | ||
| 008 | 131202 2013 000 0 slo d | ||
| 035 | |a vtls010562004 | ||
| 039 | 9 | |a 201312041157 |b mschk03 |c 201312041147 |d mschk03 |y 201312021449 |z mschk03 | |
| 040 | |a STUSCHK1 |b slo |c STUSCHK1 |e AACR2 | ||
| 100 | 1 | |a Deszatová, Tímea | |
| 245 | 1 | |a Kriminalistické skúmanie papierov |b bakalárska práca |c Tímea Deszatová | |
| 260 | |a Bratislava |b STU FCHPT |c 2013 | ||
| 300 | |a 34 s. |b il. |c 30 cm | ||
| 500 | |a Obhájené: júl 2013 | ||
| 500 | |a Štud. program: Chémia a medicínska chémia | ||
| 500 | |a Štud. odbor: Chémia, chemické technológie | ||
| 500 | |a Škol. pracovisko: Odd. chemickej technológie dreva, celulózy a papiera | ||
| 500 | |a Evid. číslo:FCHPT-5427-68519 | ||
| 910 | |a SCHK95 | ||
| 999 | |c 9343 |d 9343 | ||